Music Quiz

Random Music or Song Quiz

Finish the popular song lyrics 2017 Quiz Stats

 Plays Quiz not verified by Sporcle

Challenge
Share
Tweet
Embed
Score 0/30 Timer 10:00
2 Plays Today
% Correct
body
92.4%
Despacito
92.1%
never
91.7%
heart
91%
crazy
90.5%
Malibu
90%
stay
88.7%
eye
87.8%
one
86.9%
liar
86.7%
whiskey
85.9%
thoughts
85.1%
this
82.2%
off
79.3%
dead
77%
% Correct
to
76%
sober
75.2%
laundry
74.1%
you
72%
location
69.7%
humble
68.5%
white
67.7%
ranch
65.8%
alone
58.8%
vacation
56.8%
road
56.5%
90
55.9%
sock
52.6%
pain
45.1%
woke
33.5%

You're not logged in!

Compare scores with friends on all Sporcle quizzes.
Join for Free
OR
Log In

You Might Also Like...

Show Comments

Extras

Top Quizzes Today


Score Distribution

Your Account Isn't Verified!

In order to create a playlist on Sporcle, you need to verify the email address you used during registration. Go to your Sporcle Settings to finish the process.

Report this User

Report this user for behavior that violates our Community Guidelines.

Details: